Differential Forms and Connections /

Contenido: Algebra exterior; Cálculo exterior en el espacio euclidiano; Subvariedades en el espacio euclidiano; Teoría de las superficies usando variables superficies movibles (moving frames); Variedades diferenciables ; Vectores fibrados; Campos de superficies, formas y métrica; Integración de vari...

Бүрэн тодорхойлолт

-д хадгалсан:
Номзүйн дэлгэрэнгүй
Үндсэн зохиолч: Darling, R.W.R (autor)
Формат: Ном
Хэл сонгох:англи
Хэвлэсэн: Cambridge, Inglaterra : Cambridge University, 1994, c1994
Нөхцлүүд:
Шошгууд: Шошго нэмэх
Шошго байхгүй, Энэхүү баримтыг шошголох эхний хүн болох!

MARC

LEADER 00000nam^a2200000^a^4500
001 000131657
005 20250521000000.0
009 20260310095030.334
020 |a 0-521-46800-0 
037 |a Acervo ITESO - Biblioteca 
041 |a ING 
082 |a 516. 362  |b DAR 
100 |a Darling, R.W.R.  |e (autor) 
245 1 0 |a Differential Forms and Connections /  |c R.W.R. Darling. 
264 4 |a Cambridge, Inglaterra :  |b Cambridge University,  |c 1994, c1994 
300 |a X, 256 p. 
336 |a texto  |b txt  |2 rdacontenido 
337 |a sin mediación  |b n  |2 rdamedio 
338 |a volumen  |b nc  |2 rdasoporte 
520 |a Contenido: Algebra exterior; Cálculo exterior en el espacio euclidiano; Subvariedades en el espacio euclidiano; Teoría de las superficies usando variables superficies movibles (moving frames); Variedades diferenciables ; Vectores fibrados; Campos de superficies, formas y métrica; Integración de variedades orientadas; Conección en vectores fibrados; Aplicaciones a la teoría del campo medible (gauge field). 
649 |a XX 
650 |a Formas Diferenciales 
650 |a Conectividad (Matemáticas) 
650 |a Geometría Diferencial 
650 |a Física Matemática 
650 |a Matemáticas de Ingeniería 
650 |a Matemáticas 
910 |a Fondo General 
920 |a Impresos - Libros 
930 |a Colección General 
905 |a 101 
901 |a 0500061483  |b IT1  |c ACC  |u 20250521 
902 |a https://opac.biblio.iteso.mx/vufind/Record/000131657